01600nam a2200361 a 4500001001000000003000500010005001700015008004100032010001100073011001100084040000900095090001000104100003800114245018400152260004100336500006000377502010300437590004100540590004000581590004000621590004000661650003700701650004300738650004200781650003700823856007000860901000700930942001000937942000600947999001900953952013100972952013501103000113663CHAP20220329144407.0170905s2017 mx a fsm |||||||spa d a110124 a111096 cCHAP aTesis1 aMendoza Cruz, Carlos Raul913319813aLa indicación geográfica y denominación de origen como ventajas competitivas del vino francés, y su aplicación en México /h[En línea]cpor Carlos Raul Mendoza Cruz. aChapingo, Méx. :bEl autor,c2017. aPara ver el contenido del material haga clic en la liga aTesis (Lic. en Comercio Internacional) -- UACH. División de Ciencias Económico Administrativas aE11695DGDb10c20170906lUCH01h1202 aE6096MTMb05c20170905lUCH01h1421 aE6096MTMb05c20170905lUCH01h1422 aE6096MTMb05c20170906lUCH01h110314aVinoxConsumozMéxico.913321314aVinoxElaboraciónxMéxico.911987014aVinoxElaboraciónzFrancia.913321414aVinoxNormas de calidad.9119875 aFinding aiduhttp://10.13.5.2/tesis/sist113663.pdfzTeclea aquí aBK cTESIS n0 c110124d110124 00104054718TESISaBCbBCd2017-09-05fTESISl0oTesisp113665-10r2019-12-31 00:00:00w2019-12-31yTESISzRecien adquirido 00102local4053708TESISaBCbBCcPA_TESISd2017-09-05fTESISl0oTesisp113665-20r2019-12-31 00:00:00tc.2w2019-12-31yTESIS